UBT Library

Cotton theory quilting : (Record no. 41004)

000 -LEADER
fixed length control field 00804cam a22002657a 4500
001 - CONTROL NUMBER
control field 14099250
005 - DATE AND TIME OF LATEST TRANSACTION
control field 20180126074930.0
008 - FIXED-LENGTH DATA ELEMENTS--GENERAL INFORMATION
fixed length control field 050907s2006 wiua b 000 0 eng d
010 ## - LIBRARY OF CONGRESS CONTROL NUMBER
LC control number 2005933510
020 ## - INTERNATIONAL STANDARD BOOK NUMBER
International Standard Book Number 0977261107 (softcover)
020 ## - INTERNATIONAL STANDARD BOOK NUMBER
International Standard Book Number 9780977261109
035 ## - SYSTEM CONTROL NUMBER
System control number (OCoLC)ocm64223935
040 ## - CATALOGING SOURCE
Original cataloging agency GZF
Transcribing agency GZF
Modifying agency GZF
-- DLC
041 ## - LANGUAGE CODE
Language code of text/sound track or separate title eng
042 ## - AUTHENTICATION CODE
Authentication code lccopycat
080 ## - UNIVERSAL DECIMAL CLASSIFICATION NUMBER
Universal Decimal Classification number 746.46041
082 00 - DEWEY DECIMAL CLASSIFICATION NUMBER
Classification number 746.46041 COT
Edition number 22
100 1# - Rafti
Rafti 44
101 ## - Shkurtesa
Shkurtesa ART
245 10 - TITLE STATEMENT
Title Cotton theory quilting :
Statement of responsibility, etc Betty Cotton.
906 ## - LOCAL DATA ELEMENT F, LDF (RLIN)
a 7
b cbc
c copycat
d 2
e ncip
f 20
g y-gencatlg
942 ## - ADDED ENTRY ELEMENTS (KOHA)
Source of classification or shelving scheme
Item type Books
Holdings
Withdrawn status Lost status Source of classification or shelving scheme Damaged status Not for loan Collection code Permanent location Current location Shelving location Date acquired Total Checkouts Full call number Barcode Date last seen Price effective from Koha item type
          Koleksioni i përgjithshem UBT - Lipjan UBT - Lipjan Koleksioni i përgjithshem 01/26/2018   746.46041 COT 002-2996429 01/26/2018 01/26/2018 Books
UBT Library © 2015-2024. All rights reserved University Education for Business and Technology